|
|
|
|
| LEADER |
01484nam a2200253 a 4500 |
| 001 |
GR-Patra24319 |
| 008 |
080214s2004 gr g b 000 0 gre d |
| 020 |
|
|
|a 9608745934
|
| 040 |
|
|
|a GrPaTEI
|b gre
|c GR-PaULI
|
| 040 |
|
|
|a GrPaTEI
|b gre
|c GR-PaULI
|
| 082 |
|
0 |
|a 333.7
|2 22
|
| 245 |
0 |
0 |
|a Σημειώσεις για το "Περιβάλλον".
|
| 260 |
|
|
|a Αθήνα :
|b Δημ. Μπόνια,
|c 2004
|
| 300 |
|
|
|a 237 σ.
|
| 500 |
|
|
|a Σημειώσεις για το "Περιβάλλον", επιλεγόμενο μάθημα για τις εισαγωγικές εξετάσεις Εθνικής Σχολής Δημόσιας Διοίκησης.
|
| 504 |
|
|
|a Περιλαμβάνει βιβλιογραφία: σ.237.
|
| 650 |
|
4 |
|a ΠΕΡΙΒΑΛΛΟΝ
|
| 710 |
0 |
|
|a Δημ. Μπόνιας
|
| 942 |
|
|
|2 ddc
|
| 952 |
|
|
|0 0
|1 0
|2 ddc
|4 0
|6 333_700000000000000_ΣΗΜ
|7 0
|9 304960
|a LISK
|b LISK
|c BSC
|d 2021-01-17
|e 24
|f 0
|g 0.00
|l 0
|o 333.7 ΣΗΜ
|p 92410035797
|r 2021-01-17 00:00:00
|t 1
|w 2021-01-17
|y BK15
|x 20080214 0 1
|x GrPaTEI
|
| 952 |
|
|
|0 0
|1 0
|2 ddc
|4 0
|6 333_700000000000000_ΣΗΜ
|7 0
|9 304961
|a LISK
|b LISK
|c BSC
|d 2021-01-17
|e 24
|f 0
|g 0.00
|l 0
|o 333.7 ΣΗΜ
|p 92410035798
|r 2021-01-17 00:00:00
|t 1
|w 2021-01-17
|y BK15
|x 20080214 0 1
|x GrPaTEI
|
| 952 |
|
|
|0 0
|1 0
|2 ddc
|4 0
|6 333_700000000000000_ΣΗΜ
|7 1
|9 304962
|a LISK
|b LISK
|c BSC
|d 2021-01-17
|e 24
|f 0
|g 0.00
|l 0
|o 333.7 ΣΗΜ
|p 92410035799
|r 2021-01-17 00:00:00
|t 1
|w 2021-01-17
|y BKN
|x 20080214 0 0
|x GrPaTEI
|
| 971 |
|
|
|a .b26718911
|b 16-04-20
|c 26-09-16
|
| 999 |
|
|
|c 176614
|d 176614
|